¿Toda la educación es adaptativa? /

Detalles Bibliográficos
Autor principal: García, Mercedes
Formato: Libro
Lenguaje:inglés

MARC

LEADER 00000cam a2200000 a 4500
001 040114
003 UAHC_CL
005 20170803124424.0
008 060714b xx j 000 1 eng
040 |a UAHC_CL  |c UAHC_CL  |d UAHC_CL 
100 1 |a García, Mercedes 
245 1 0 |a ¿Toda la educación es adaptativa? /  |c Mercedes García. 
500 |a Revista Complutense de Educación. --Vol. 5, Nº2 (1994) pp. 173-182. 
900 |a REV. COMPLUT. EDUC.-02/94 
942 |c BK 
999 |c 40114  |d 40114